000 00657nam a22001695i 4500
001 153059
003 ES-MaACL
005 20230906205014.0
008 041015s1884 fr |||| | fre d
040 _aCAM
_bspa
_cCAM
245 0 4 _aLes cent nouvelles nouvelles
_b: dites les cent nouvelles du roi Louis XI.
250 _aEd. revue sur l'edition originale, avec des notes et une introduction par Paul Lacroix, bibliophile Jacob.
260 _aParis :
_bG. Charpentier et c\pe\s éditeurs,
_c1884 (
_fImp. Tolmer et c\pie\s)
300 _aXXIII, 392 p. ;
_c19 cm.
700 1 _aLacroix, Paul (
_d1806-1884)
_969408
852 _aES-MaACL
_jD-1508
_z-- Rust.
999 _c153059
_d153059